<?xml version="1.0" encoding="UTF-8"?>
<record
    xmlns:xsi="http://www.w3.org/2001/XMLSchema-instance"
    xsi:schemaLocation="http://www.loc.gov/MARC21/slim http://www.loc.gov/standards/marcxml/schema/MARC21slim.xsd"
    xmlns="http://www.loc.gov/MARC21/slim">

  <leader>02290nam a2200337uu 4500</leader>
  <controlfield tag="001">994725</controlfield>
  <controlfield tag="005">20260507073450.0</controlfield>
  <controlfield tag="007">co|||||||</controlfield>
  <controlfield tag="008">060926e20060926                    spa  </controlfield>
  <datafield tag="035" ind1=" " ind2=" ">
    <subfield code="a">994725</subfield>
  </datafield>
  <datafield tag="040" ind1=" " ind2=" ">
    <subfield code="c">comduadb</subfield>
  </datafield>
  <datafield tag="041" ind1=" " ind2=" ">
    <subfield code="a">spa</subfield>
  </datafield>
  <datafield tag="080" ind1=" " ind2=" ">
    <subfield code="a">T/CD</subfield>
  </datafield>
  <datafield tag="082" ind1=" " ind2="4">
    <subfield code="a">155</subfield>
  </datafield>
  <datafield tag="100" ind1="1" ind2="0">
    <subfield code="a">Taborda Ruiz, Milton Denis</subfield>
    <subfield code="4">aut</subfield>
    <subfield code="e">aut</subfield>
    <subfield code="9">425302</subfield>
  </datafield>
  <datafield tag="245" ind1="1" ind2="0">
    <subfield code="a">Significados que asignan los jovenes del Politecnico Colombiano Jaime Isaza Cadavid de 1 a 4 semestre entre los 16 y 22 a&#xF1;os de edad a su cuerpo como medio de socializacion</subfield>
  </datafield>
  <datafield tag="260" ind1=" " ind2=" ">
    <subfield code="a">Medell&#xED;n :</subfield>
    <subfield code="b">Autor(a),</subfield>
    <subfield code="c">2006.</subfield>
  </datafield>
  <datafield tag="300" ind1=" " ind2=" ">
    <subfield code="a">1 CD-ROM</subfield>
  </datafield>
  <datafield tag="520" ind1="3" ind2=" ">
    <subfield code="a">
El presente trabajo de grado es una investigaci&#xF3;n de corte cualitativo que aborda  como tema los significados que asignan los j&#xF3;venes a su cuerpo como medio de socializaci&#xF3;n. Esto enmarcado en la poblaci&#xF3;n de 1 a 4 semestre entre los 16 y 22 a&#xF1;os  de edad  de la Instituci&#xF3;n Universitaria Polit&#xE9;cnico Colombiano Jaime Isaza Cadavid. 

La investigaci&#xF3;n hace uso de entrevistas, encuestas, observaciones directas y talleres reflexivos como herramientas de recolecci&#xF3;n de informaci&#xF3;n, a trav&#xE9;s de las cuales se logra contrastar el marco te&#xF3;rico expuesto. Se contemplan como categor&#xED;as de an&#xE1;lisis  la percepci&#xF3;n del cuerpo, la utilidad de la imagen corporal y los agentes influyentes en ella y sus consecuencias, ejes que enmarcan las elaboraciones realizadas por el autor y gu&#xED;an la formulaci&#xF3;n de propuestas de intervenci&#xF3;n desde la psicolog&#xED;a.

Desde el texto se enumeran aspectos a tener en cuenta por los profesionales en contacto con la poblaci&#xF3;n juvenil para cualificar los procesos de intervenci&#xF3;n y para detener la atenci&#xF3;n en fen&#xF3;menos que entrecruzados con lo social, lo familiar y lo subjetivo afectan el desarrollo integral de esta poblaci&#xF3;n que vive intensa y vertiginosamente al ritmo del mundo globalizado.  

</subfield>
  </datafield>
  <datafield tag="650" ind1=" " ind2=" ">
    <subfield code="a">Cuerpo en la cultura</subfield>
    <subfield code="9">128115</subfield>
  </datafield>
  <datafield tag="650" ind1=" " ind2="0">
    <subfield code="a">Imagen corporal</subfield>
    <subfield code="9">11344</subfield>
  </datafield>
  <datafield tag="650" ind1=" " ind2="7">
    <subfield code="a">Identidad cultural</subfield>
    <subfield code="2">lemb</subfield>
    <subfield code="9">43861</subfield>
  </datafield>
  <datafield tag="650" ind1=" " ind2=" ">
    <subfield code="a">Autoimagen corporal</subfield>
  </datafield>
  <datafield tag="650" ind1=" " ind2=" ">
    <subfield code="a">Autoestima en adolescentes</subfield>
    <subfield code="9">74815</subfield>
  </datafield>
  <datafield tag="650" ind1=" " ind2="7">
    <subfield code="a">Adolescentes</subfield>
    <subfield code="2">lemb</subfield>
    <subfield code="9">66395</subfield>
  </datafield>
  <datafield tag="650" ind1=" " ind2=" ">
    <subfield code="a">Cuerpo y cultura</subfield>
    <subfield code="9">33174</subfield>
  </datafield>
  <datafield tag="650" ind1=" " ind2="7">
    <subfield code="a">Cuerpo humano</subfield>
    <subfield code="2">embne</subfield>
    <subfield code="9">23535</subfield>
  </datafield>
  <datafield tag="942" ind1=" " ind2=" ">
    <subfield code="c">TESIS</subfield>
  </datafield>
  <datafield tag="999" ind1=" " ind2=" ">
    <subfield code="c">401992</subfield>
    <subfield code="d">401992</subfield>
  </datafield>
  <datafield tag="502" ind1=" " ind2=" ">
    <subfield code="b">105</subfield>
    <subfield code="c">12</subfield>
  </datafield>
  <datafield tag="526" ind1=" " ind2=" ">
    <subfield code="a">106</subfield>
  </datafield>
  <datafield tag="952" ind1=" " ind2=" ">
    <subfield code="0">0</subfield>
    <subfield code="1">0</subfield>
    <subfield code="4">0</subfield>
    <subfield code="7">0</subfield>
    <subfield code="8">TESDIGBC</subfield>
    <subfield code="a">BC</subfield>
    <subfield code="b">BC</subfield>
    <subfield code="d">2006-09-26</subfield>
    <subfield code="i">C922452</subfield>
    <subfield code="l">0</subfield>
    <subfield code="o">155.2 T114 CD-ROM</subfield>
    <subfield code="p">0573187</subfield>
    <subfield code="r">2023-04-26 00:00:00</subfield>
    <subfield code="t">1</subfield>
    <subfield code="w">2023-04-26</subfield>
    <subfield code="y">DIGITAL</subfield>
  </datafield>
  <datafield tag="952" ind1=" " ind2=" ">
    <subfield code="0">0</subfield>
    <subfield code="1">0</subfield>
    <subfield code="4">0</subfield>
    <subfield code="7">0</subfield>
    <subfield code="8">DIGITAL</subfield>
    <subfield code="a">CISH</subfield>
    <subfield code="b">CISH</subfield>
    <subfield code="d">2006-10-04</subfield>
    <subfield code="i">C923639</subfield>
    <subfield code="l">0</subfield>
    <subfield code="o">T/CD-01630</subfield>
    <subfield code="p">0618340</subfield>
    <subfield code="r">2023-04-26 00:00:00</subfield>
    <subfield code="t">2</subfield>
    <subfield code="w">2023-04-26</subfield>
    <subfield code="y">DIGITAL</subfield>
  </datafield>
</record>
